000
00326pab a2200145 454500
008
180718b1984 xxu||||| |||| 00| 0 eng d
100
_a
Ross, Lester
245
_a
Earthquake policy in China
260
_c
1984
300
_a
773-87
362
_a
July
650
_a
Disasters - China
773
_a
Asian Survey
909
_a
7311
999
_c
7311
_d
7311